000 00589nam a2200241Ia 4500
003 OSt
005 20220924133307.0
006 a|||||r|||| 00| 0
007 ta
008 220923b |||||||| |||| 00| 0 ara d
020 _a9770212393 (hbk)
024 _a263715
037 _cTextual
040 _aARTS
_cARTS
_bara
041 _2ara
_aara
082 _aO28,1M60:g, M4
100 _aWady Au.
_9206085
245 0 _aShair-e-Shauqi
260 _c1984
650 _aARABIC POETRY
942 _hO28,1M60:g, M4
_cTEXL
_2CC
999 _c433303
_d433303